Statistiques concernant Les 10 villes les plus riches du monde

Cliquez ici pour prendre le quiz!

Statistiques générales

  • Ce quiz a été pris 209 fois
  • Le résultat moyen est 7 sur 10

Statistiques - réponses

ClassementVille% Correct
5Paris
98%
2New York
97%
6Londres
85%
1Tokyo
85%
3Los Angeles
81%
9Pekin
72%
8Moscou
62%
4Seoul
40%
7Shangai
29%
10Osaka
16%

Distribution des résultats

Percentile par nombre de réponses

% des personnes avec chaque résultat

Votre développement - résultats

Vous n’avez pas pris ce quiz